000 00961nam a2200265Ia 4500
003 OSt
005 20221005111446.0
006 a|||||r|||| 00| 0
007 ta
008 221004b |||||||| |||| 00| 0 hin d
020 _a9789350727577 (hbk)
_cINR 300.00
024 _a28964
037 _b78, 15/03/2017, Mallika Books
_cTextual
040 _aCRL
_cCRL
_bhin
041 _2hin
_ahin
082 _a4(P152), 152Q4
100 _aअनुशब्द, ले.
245 0 _aहिन्दी पत्रकारिता
_b रूपक बनाम मिथक
246 _aHindī patrakāritā: rūpak banām mithaka
260 _aनई दिल्ली
_bवाणी प्रकाशन भारत
_c2014
300 _a128पृ0
_ccm.
650 _aपत्रकारिता
942 _h4(P152), 152Q4
_cTEXL
_2cc
999 _c1021891
_d1021891